01156pab a2200133 454500008004000000100002200040245004800062260000900110300001300119362001000132520083100142650001500973773003400988180718b2011 xxu||||| |||| 00| 0 eng d aNelson, Erica Lee aConflict of interest and parliament (Notes) c2011 ap.68-73. a7 May aThe Indian Constitution and many of India's laws, rules and customs address conflict of interest among parliamentarians, but it is clear that many are either not used, are underused, or are sidestepped by various means. Law-making bodies in other countries offer examples of how they can be made to work - such as the informal, behind-the-scenes work of the ethics commissioner in Canada and the explicit and vast list of prohibitions in the United States. While India can, and should, develop a system that will best suit its unique needs, it is clear that a more enforceable, practical system for dealing with conflict of interest is needed. Public disclosure of interests - including investments, employment and business ties - for members of both houses would be a constructive and trust-building first step. - Reproduced. aParliament aEconomic and Political Weekly